[Event "Cornella de Llobregat op 8th"]
[Site "Cornella de Llobregat"]
[Date "2022.11.21"]
[Round "8"]
[White "Palacin Martin, Ricardo"]
[Black "Montero Olmos, Javier"]
[Result "1-0"]
[WhiteElo "1995"]
[BlackElo "1847"]
[PlyCount "67"]
[EventDate "2022.09.26"]
[EventType "swiss"]
[EventRounds "9"]
[EventCountry "ESP"]
[SourceTitle "EXT 2024"]
[Source "ChessBase"]
[SourceDate "2023.10.10"]
[SourceVersion "1"]
[SourceVersionDate "2023.10.10"]
[SourceQuality "1"]

1. d4 Nf6 2. c4 c5 3. d5 e6 4. Nc3 exd5 5. cxd5 d6 6. e4 g6 7. h3 Bg7 8. Nf3 0-0 9. Bd3 b5 10. 0-0 a6 11. Bf4 Nh5 12. Bh2 b4 13. Na4 Bd7 14. Rb1 Bb5 15. Qc2 Qa5 16. b3 Bxa4 17. bxa4 Qd8 18. e5 Nd7 19. exd6 Qf6 20. Rfe1 Nf4 21. Qd2 Nxd5 22. a5 Nc3 23. Rbc1 Qd8 24. Re7 Nf6 25. Bc4 Qxa5 26. Rce1 Rad8 27. Qd3 Nb5 28. Ng5 Qa3 29. Qxa3 bxa3 30. Nxf7 Rxf7 31. Rxf7 Kh8 32. Bxb5 axb5 33. Be5 Kg8 34. Bxf6 1-0

[Event "El Prat de Llobregat op 3rd"]
[Site "El Prat de Llobregat"]
[Date "2022.11.11"]
[Round "7"]
[White "Montero Olmos, Javier"]
[Black "Tejedor Cros, Andres"]
[Result "1/2-1/2"]
[WhiteElo "1904"]
[BlackElo "1823"]
[PlyCount "118"]
[EventDate "2022.09.30"]
[EventType "swiss"]
[EventRounds "9"]
[EventCountry "ESP"]
[SourceTitle "EXT 2024"]
[Source "ChessBase"]
[SourceDate "2023.10.10"]
[SourceVersion "1"]
[SourceVersionDate "2023.10.10"]
[SourceQuality "1"]

1. e4 c6 2. d4 d5 3. exd5 cxd5 4. Bd3 Nc6 5. c3 Nf6 6. Bf4 Bg4 7. Qb3 Qc8 8. Nd2 e6 9. Ngf3 Be7 10. 0-0 0-0 11. h3 Bh5 12. Rfe1 a6 13. a4 Na5 14. Qc2 Bg6 15. Bxg6 hxg6 16. Ne5 Nc6 17. Qd3 Nxe5 18. Bxe5 Nd7 19. Bh2 Qc6 20. a5 Rac8 21. Rec1 Bd6 22. Bxd6 Qxd6 23. c4 dxc4 24. Nxc4 Qd5 25. Ne3 Rxc1+ 26. Rxc1 Qxa5 27. Qb3 b5 28. d5 exd5 29. Nxd5 Re8 30. Rc7 Qe1+ 31. Kh2 Qe5+ 32. f4 Qd6 33. Qd3 Kf8 34. Qa3 Qxa3 35. bxa3 Nf6 36. Nb4 a5 37. Nc6 Nd5 38. Rb7 b4 39. axb4 axb4 40. Kg3 Re4 41. Rb8+ Re8 42. Rb5 Nf6 43. Rxb4 Rc8 44. Ne5 Rc3+ 45. Kh2 Rc7 46. Rd4 Ke7 47. Rd2 Nd7 48. Ng4 f5 49. Ne3 Nf6 50. Nd5+ Nxd5 51. Rxd5 Rc4 52. Kg3 Rc3+ 53. Kh4 Ke6 54. Ra5 Rc2 55. g4 fxg4 56. hxg4 Rc7 57. Kg5 Kf7 58. Rd5 Rb7 59. Ra5 Rc7 1/2-1/2

[Event "Llinars del Valles op"]
[Site "Llinars del Valles"]
[Date "2022.07.03"]
[Round "9"]
[White "Serrano Batova, Vicent"]
[Black "Montero Olmos, Javier"]
[Result "1-0"]
[WhiteElo "1979"]
[BlackElo "1747"]
[PlyCount "71"]
[EventDate "2022.06.25"]
[EventType "swiss"]
[EventRounds "9"]
[EventCountry "ESP"]
[SourceTitle "CBM 209 Extra"]
[Source "ChessBase"]
[SourceDate "2022.09.30"]
[SourceVersion "1"]
[SourceVersionDate "2022.09.30"]
[SourceQuality "1"]

1. d4 Nf6 2. Nf3 e6 3. c4 c5 4. Nc3 d5 5. cxd5 cxd4 6. Nxd4 Nxd5 7. e4 Nxc3 8. bxc3 Be7 9. Bb5+ Bd7 10. Bd3 e5 11. Nf5 0-0 12. 0-0 Nc6 13. Rb1 b6 14. Bb5 a6 15. Bxc6 Bxc6 16. Qg4 Bf6 17. Ba3 g6 18. Rfd1 Qc7 19. Bd6 Qb7 20. Bxf8 h5 21. Qf3 Rxf8 22. Nd6 Qe7 23. Rxb6 Ba4 24. Rdb1 Bg7 25. Rxa6 Bd7 26. h3 f5 27. exf5 Bxf5 28. Nxf5 Rxf5 29. Qd5+ Kh7 30. Rb7 Qg5 31. Qd1 e4 32. Raa7 e3 33. Rxg7+ Kh8 34. Rh7+ Kg8 35. Rag7+ Kf8 36. Qd6+ 1-0

[Event "ESP-ch U14"]
[Site "Salobrena"]
[Date "2021.07.14"]
[Round "5"]
[White "Dominguez Martinez, Nicolas"]
[Black "Montero Olmos, Javier"]
[Result "1/2-1/2"]
[WhiteElo "1709"]
[BlackElo "1497"]
[PlyCount "170"]
[EventDate "2021.07.12"]
[EventType "swiss"]
[EventRounds "9"]
[EventCountry "ESP"]
[SourceTitle "EXT 2022"]
[Source "ChessBase"]
[SourceDate "2021.10.06"]
[SourceVersion "1"]
[SourceVersionDate "2021.10.06"]
[SourceQuality "1"]

1. b3 e5 2. Bb2 d6 3. e3 g6 4. f4 Bg7 5. Nf3 Nd7 6. Bc4 Nh6 7. fxe5 Nxe5 8. Nxe5 dxe5 9. 0-0 c6 10. Qf3 Qc7 11. Nc3 Bg4 12. Qf2 0-0-0 13. Ne4 Bf5 14. Bd3 Bxe4 15. Bxe4 f5 16. Bd3 Ng4 17. Qg3 h5 18. h3 h4 19. Qe1 Nh2 20. Kxh2 e4+ 21. Kh1 Bxb2 22. Rb1 Be5 23. Bc4 b5 24. Be6+ Kb8 25. b4 Qd6 26. Bf7 Rh7 27. Bb3 Bg3 28. Qe2 Qxd2 29. Qxd2 Rxd2 30. c4 Rd3 31. cxb5 cxb5 32. Rbc1 Rxe3 33. Rc5 Rb7 34. Rc6 Rb6 35. Rc5 Re1 36. Kg1 e3 37. Rxe1 Bxe1 38. a3 a6 39. Kf1 Bf2 40. Ke2 Rd6 41. Rd5 Rc6 42. Rc5 Rxc5 43. bxc5 Kc7 44. Bd5 a5 45. Bf3 b4 46. axb4 axb4 47. c6 g5 48. Kd3 g4 49. hxg4 fxg4 50. Bxg4 Kxc6 51. Kc4 Be1 52. Bf3+ Kd6 53. Kd4 Bd2 54. Bd1 b3 55. Kd3 b2 56. Bc2 Ke5 57. Bb1 Kf4 58. Ke2 Kg3 59. Kf1 Bc1 60. Be4 Kf4 61. Bb1 Ke5 62. Ke1 Kd4 63. Ke2 Kc4 64. Kd1 Kc3 65. Ke2 Kd4 66. Ke1 Ke5 67. Ke2 Kf4 68. Kf1 Kg3 69. Be4 Bd2 70. Bb1 Kh2 71. Bc2 Bb4 72. Be4 Kg3 73. Ke2 Bc5 74. Kf1 h3 75. gxh3 Kxh3 76. Ke2 Kg3 77. Bh7 Kf4 78. Bg6 Ke5 79. Bh7 Kd4 80. Bg6 Kc3 81. Bf5 Kb3 82. Bb1 Bd4 83. Bh7 Kc3 84. Bg6 Ba7 85. Bh7 Kd4 1/2-1/2

[Event "Llinars del Valles op 1st"]
[Site "Llinars del Valles"]
[Date "2021.07.02"]
[Round "8"]
[White "Montero Olmos, Javier"]
[Black "Deulonder Camins, Xavier"]
[Result "1-0"]
[WhiteElo "1497"]
[BlackElo "1862"]
[PlyCount "67"]
[EventDate "2021.06.25"]
[EventType "swiss"]
[EventRounds "9"]
[EventCountry "ESP"]
[SourceTitle "CBM 203 Extra"]
[Source "ChessBase"]
[SourceDate "2021.09.30"]
[SourceVersion "1"]
[SourceVersionDate "2021.09.30"]
[SourceQuality "1"]

1. e4 e5 2. Nf3 Nc6 3. d4 exd4 4. Bc4 Nf6 5. 0-0 d5 6. exd5 Nxd5 7. Nxd4 Be7 8. Nb5 Nb6 9. Qxd8+ Bxd8 10. Re1+ Ne7 11. Bb3 a6 12. N5c3 0-0 13. Be3 Nd7 14. Nd2 Ng6 15. Nde4 Nf6 16. Bc5 Nxe4 17. Rxe4 Bf5 18. Ree1 Bf6 19. Bxf8 Kxf8 20. Rad1 Be5 21. Rd5 f6 22. g3 Re8 23. a4 c6 24. Rd2 Bh3 25. Bc4 b5 26. axb5 cxb5 27. Bf1 Bf5 28. Ra1 b4 29. Na4 a5 30. Rad1 Ne7 31. Bb5 Rc8 32. Rd8+ Kf7 33. Be8+ Ke6 34. Rxc8 1-0

[Event "Barcelona Sants op 21st"]
[Site "Barcelona"]
[Date "2019.08.28"]
[Round "6"]
[White "Montero Olmos, Javier"]
[Black "Lambert Pont, Michael"]
[Result "0-1"]
[WhiteElo "1454"]
[BlackElo "1577"]
[PlyCount "102"]
[EventDate "2019.08.23"]
[EventType "swiss"]
[EventRounds "10"]
[EventCountry "ESP"]
[SourceTitle "EXT 2020"]
[Source "ChessBase"]
[SourceDate "2019.10.17"]
[SourceVersion "1"]
[SourceVersionDate "2019.10.17"]
[SourceQuality "1"]

1. e4 e5 2. Nf3 Nc6 3. d4 exd4 4. Bc4 Bc5 5. c3 Qf6 6. Bg5 Qg6 7. 0-0 Nge7 8. Bxe7 Bxe7 9. cxd4 d6 10. Re1 Bh3 11. Bf1 Bg4 12. d5 Ne5 13. Nxe5 dxe5 14. Bb5+ Kd8 15. Qb3 Qb6 16. Qd3 Bc5 17. Rf1 a6 18. Ba4 Qxb2 19. Nc3 Bd4 20. Rac1 Bxc3 21. Qxc3 Qxc3 22. Rxc3 b5 23. Bb3 g6 24. Rfc1 Ra7 25. h3 Bd7 26. Bd1 f5 27. f3 Rf8 28. Be2 Rf6 29. Rb1 c6 30. Rd1 cxd5 31. Rxd5 Re6 32. Rcc5 Rc7 33. Rxe5 Rxe5 34. Rxe5 Rc2 35. Bd3 Rd2 36. Rd5 fxe4 37. fxe4 Rxa2 38. Rd4 Rd2 39. Kf1 Ke7 40. g4 a5 41. Ke1 Rh2 42. Bf1 b4 43. Rd2 Rxd2 44. Kxd2 Ke6 45. Ke3 Ke5 46. Bd3 a4 47. Kd2 Bc6 48. Kc1 a3 49. Bc2 Bxe4 50. Bb3 Kd4 51. Kd2 Bd5 0-1

[Event "Foment Martinenc op-C 20th"]
[Site "Barcelona"]
[Date "2018.05.26"]
[Round "6"]
[White "Montero Olmos, Javier"]
[Black "Fontela Hidalgo, Victor"]
[Result "0-1"]
[WhiteElo "1633"]
[BlackElo "1750"]
[PlyCount "84"]
[EventDate "2018.04.21"]
[EventType "swiss"]
[EventRounds "9"]
[EventCountry "ESP"]
[SourceTitle "CBM 184 Extra"]
[Source "ChessBase"]
[SourceDate "2018.06.28"]
[SourceVersion "1"]
[SourceVersionDate "2018.06.28"]
[SourceQuality "1"]

1. e4 e5 2. d4 exd4 3. c3 d5 4. cxd4 dxe4 5. Nc3 Nf6 6. Bg5 Be7 7. Bxf6 Bxf6 8. Nxe4 Qxd4 9. Qxd4 Bxd4 10. Rc1 Nc6 11. Bb5 Bf5 12. Ng3 Bd7 13. Nf3 Bxb2 14. Rc2 Bf6 15. Ne4 Be7 16. 0-0 0-0 17. Re1 Bb4 18. Rd1 Bf5 19. Rb2 Rad8 20. Rf1 a5 21. Ng3 Bd3 22. Bxd3 Rxd3 23. h3 Rfd8 24. Re2 Nd4 25. Nxd4 R3xd4 26. Nf5 Rd1 27. Re8+ Rxe8 28. Rxd1 Re1+ 29. Rxe1 Bxe1 30. Kf1 Bb4 31. Ke2 Kf8 32. Kd3 g6 33. Ne3 Ke7 34. Nd5+ Kd6 35. Nxb4 axb4 36. Kc4 c5 37. f4 f5 38. g3 Kc6 39. g4 b5+ 40. Kd3 Kd5 41. g5 c4+ 42. Kc2 Ke4 0-1